000 004510000a22001810004500
003 MACL
005 20150823155902.0
008 150823b xxu||||| |||| 00| 0 eng d
040 _aMACL
_cMACL
041 _aEnglish
082 _a658.5001/BAI
100 _aBaisya, Rajat K
_97180
245 _aAesthetics in Marketing
260 _bResponse Books
_c2008
_aNew Delhi
350 _a320
650 _aTechnology
_97181
942 _cBK
_k658.8001/BAI
_2ddc
999 _c42304
_d42304